| 000 | nam a22 7a 4500 | ||
|---|---|---|---|
| 999 |
_c4715 _d235219 |
||
| 020 | _a9789875513600 | ||
| 080 | _a343.9 M 319 | ||
| 245 |
_aManual de Criminologia _b(Primera Parte) Teorías criminológicas y (de) construcción del Poder punitivo |
||
| 260 |
_aCórdoba _bAdvocatus _c2018 |
||
| 300 |
_a203 P: _c26 x 17 CM. |
||
| 650 | _xcriminologia | ||
| 700 |
_aPerano, Jorge; _eLuque, Lyllan; |
||
| 945 |
_acd _d2018-06-15 |
||
| 942 | _6_ | ||